00645nam a2200205 a 4500001000200000003000900002005001700011008004100028040002300069082002800092100002800120245005900148250001300207260003600220300002100256504003100277650004100308650003200349650005800381 DO-SdBNP20210722134907.0100310s1978 dr 000 0 spa d aBPMSU bspacBPMSU a336.2bB142a, 1978222 1 aBáez Ortíz, Bolivar10aAdministración tributaria /cBolivar Báez Ortíz. a2da. ed. aSanto Domingo :b[s.n.],c1978. a149 p. ;c22 cm. aBibliografía : p.150-158 aHacienda públicaxAdministración aRecaudación de impuestos  4aImpuestosxAdministración zRepública Dominicana